000 00776am a2200289a 44500
003 AR-BaBNM
005 20251128204727.0
008 055119s1975 #AR|||||||||||000 | esp||
020 _a84-7112-162-X
040 _cAR-BaBNM
100 1 _aBonboir, Anna
245 1 0 _aUna pedagogía para mañana
260 _aMadrid
_bEdiciones Morata
_c1975
300 _a208 p.
_bil.
500 _aContiene índice de los contenidos
650 4 _aPEDAGOGIA
650 4 _aACTITUD DEL DOCENTE
650 4 _aMETODOS DE ANIMACION
650 4 _aPROGRAMAS DE AUTOAPRENDIZAJE
650 4 _aPLANIFICACION
650 4 _aPROGRAMAS DE ENSEÑANZA
650 4 _aEVALUACION
653 _aINNOVACIONES EDUCATIVAS
700 1 _aBlasco, Dolores
_etraductor
942 _cBK
998 _cisola
999 _c8583
_d8583